Geografia Europy na literę H - Statystyki

Ogólne statystyki
  • Ten quiz został rozwiązany 4 257 razy
    2 322 od ostatniego zresetowania
  • Średni wynik to 9 z 20
Statystyki odpowiedzi
Wskazówka Odpowiedź % Poprawnych
Stolica Finlandii Helsinki
99%
Bośnia i __________ Hercegowina
88%
Drugie największe miasto Niemiec Hamburg
86%
Państwo na Półwyspie Iberyjskim Hiszpania
79%
Miasto, będące siedzibą rządu w Holandii Haga
73%
Główne lotnisko Londynu Heathrow
59%
Państwo znane z polderów Holandia
55%
Kościół bizantyjski, który jest głównym punktem orientacyjnym w Stambule Hagia Sophia
45%
Chorwacja po chorwacku Hrvatska
45%
Miasto najbardziej wysunięte na wschód w Polsce Hrubieszów
41%
Duże miasto w Niemczech, odbywają się tam międzynarodowe targi przemysłowe Hanower
37%
Stolica Krety Heraklion
36%
Rzymski mur zbudowany w celu powstrzymania Piktów Wał {Hadriana}
33%
Land niemiecki Hesja
28%
Park w Londynie, gdzie można znaleźćkącik mówców Hyde Park
24%
Górzysty region Szkocji Highlands
21%
Szkocki archipelag liczący ponad 100 wysp, wewnętrzny i zewnętrzny Hebrydy
19%
Rzeka w Yorkshire i „miasto królewskie”, które się nad nią znajduje Hull
12%
Prawy dopływ Łaby Hawela
6%
Lewobrzeżny dopływ Bugu Huczwa
5%
Nie znaleziono quizów pasujących do podanych kryteriów
Rozkład punktacji
Procent ludzi z każdym wynikiem
Percentyl według liczby udzielonych odpowiedzi
Twoja historia wyników
Nie rozwiązałeś tego quizu od ostatniego zresetowania